Inducción en la geometría /
Guardado en:
| Autor Principal: | |
|---|---|
| Otros Autores: | |
| Formato: | Libro |
| Idioma: | Spanish Russian |
| Publicado: |
Moscú :
Mir,
c1976.
|
| Series: | Lecciones populares de matemáticas.
|
| Etiquetas: |
Agregar Etiqueta
Sin Etiquetas, Sea el primero en etiquetar este registro!
|
| LEADER | 00710nam a22001935a 4500 | ||
|---|---|---|---|
| 001 | MAT.inmabb006653 | ||
| 008 | 120814s1976####ru#a##########000#0#spa#d | ||
| 005 | 20180907115927.0 | ||
| 245 | 1 | 0 | |a Inducción en la geometría / |c L. I. Goloviná, I. M. Yaglóm ; traducido del ruso por Carlos Vega. |
| 260 | |a Moscú : |b Mir, |c c1976. | ||
| 300 | |a 126 p. : |b il. ; |c 20 cm. | ||
| 490 | 1 | |a Lecciones populares de matemáticas | |
| 100 | 1 | |a Golovina, L. I. |q (Lidiia Ivanovna) | |
| 700 | 1 | |a IAglom, I. M. |q (Isaak Moiseevich), |d 1921-1988. | |
| 830 | 0 | |a Lecciones populares de matemáticas. | |
| 084 | |a 51-01 |2 msc2000 | ||
| 041 | 1 | |a spa |h rus | |
| 859 | |h 51 |i G628 |p A-8647 |b BIB. MATEMATICA | ||
| 859 | |h 51 |i G628 |p A-9233 |t 2 |b BIB. MATEMATICA | ||
